|
|
|
|
| LEADER |
01681nam a2200385 i 4500 |
| 001 |
nkc20223461763 |
| 003 |
CZ PrNK |
| 005 |
20221020144221.0 |
| 007 |
ta |
| 008 |
221006s2022 xr g 000 f cze |
| 015 |
|
|
|a cnb003461763
|
| 020 |
|
|
|a 978-80-7546-428-6
|q (vázáno)
|
| 035 |
|
|
|a (OCoLC)1350560797
|
| 040 |
|
|
|a ABG001
|b cze
|d ABA001
|e rda
|
| 072 |
|
7 |
|a 821.162.3-3
|x Česká próza
|2 Konspekt
|9 25
|
| 080 |
|
|
|a 821.162.3-31
|2 MRF
|
| 080 |
|
|
|a (0:82-312.9)
|2 MRF
|
| 100 |
1 |
|
|a Matysová, Veronika,
|d 1976-
|7 jn20010310113
|4 aut
|
| 245 |
1 |
0 |
|a Hodina psodava /
|c Veronika Matysová
|
| 250 |
|
|
|a První vydání
|
| 264 |
|
1 |
|a Praha :
|b Fortuna Libri,
|c 2022
|
| 300 |
|
|
|a 399 stran ;
|c 22 cm
|
| 336 |
|
|
|a text
|b txt
|2 rdacontent
|
| 337 |
|
|
|a bez média
|b n
|2 rdamedia
|
| 338 |
|
|
|a svazek
|b nc
|2 rdacarrier
|
| 520 |
2 |
|
|a Fantasy román české autorky, jehož mladá hrdinka se ocitá uprostřed nepřátelské země i rozsáhlých intrik.
|b Mladá Rynanka Runa je unesena do znepřáteleného Arhenu. Netuší však, že to není jen pomsta jejím rodičům-povstalcům, ale zároveň součást velkého plánu, jehož cílem je zničit svět v jeho současné podobě. Přátelství, láska, ale i bolestná zrada ji čekají na cestě za záchranou sebe sama i ostatních. Nakladatelská anotace.
|
| 655 |
|
7 |
|a české romány
|7 fd133974
|2 czenas
|
| 655 |
|
7 |
|a fantasy romány
|7 fd184199
|2 czenas
|
| 655 |
|
9 |
|a Czech fiction
|2 eczenas
|
| 655 |
|
9 |
|a fantasy novels
|2 eczenas
|
| 910 |
2 |
|
|a BOA001
|b 2-1495.045
|
| 990 |
|
|
|a BK
|
| 995 |
|
|
|a 01
|
| 991 |
|
|
|b 202210
|c NOV
|
| 996 |
6 |
|
|b 2610916740
|c 2-1495.045
|l MZK
|r Sklad / do 1 hodiny
|n 0
|p p.v.
|w 001901703
|u 000010
|a 1
|e BOA001
|j MZK50
|s P
|